00261 2200097 4500001002100000005001700021035002500038245004700063260002600110300002700136YOGYA00000000008946720160615085012.0 a0010-081400000089184 aBuletin ParlementariacWinantuningtyastiti aJakartabDPR RIc2013 a20 hlm.bilus.c26 cm.